| 000 | 00478nam a2200181Ia 4500 | ||
|---|---|---|---|
| 001 | 28349 | ||
| 003 | IN-NITTTR | ||
| 005 | 20251114233351.0 | ||
| 008 | 251113s9999||||xx |||||||||||||| ||eng|| | ||
| 040 | _beng | ||
| 040 | _cIN-NITTTR | ||
| 041 | _aeng | ||
| 082 | _a371.3 M71I | ||
| 100 | _aMohanty, Laxman | ||
| 245 | 0 |
_aICT strategies for schools : _b a guide for school administrators / _cMohanty, Laxman, Vohra, Neharika |
|
| 700 | _a Vohra, Neharika | ||
| 942 |
_2ddc _cBK |
||
| 999 |
_c30977 _d30977 |
||